[Event "RSA-ch U16 Girls"]
[Site "Gauteng"]
[Date "2017.04.07"]
[Round "5"]
[White "Naidoo, Rayna"]
[Black "Booysen, Elda"]
[Result "0-1"]
[WhiteElo "1290"]
[BlackElo "1489"]
[PlyCount "44"]
[EventDate "2017.04.05"]
[EventType "swiss"]
[EventRounds "11"]
[EventCountry "RSA"]
[SourceTitle "CBM 177 Extra"]
[Source "ChessBase"]
[SourceDate "2017.04.27"]
[SourceVersion "1"]
[SourceVersionDate "2017.04.27"]
[SourceQuality "1"]

1. d4 d5 2. Nf3 c5 3. c3 Nc6 4. Bg5 h6 5. Bh4 Qb6 6. Qd2 Bf5 7. e3 Nf6 8. Be2 Ne4 9. Qc1 cxd4 10. exd4 Rc8 11. Nbd2 Nb4 12. 0-0 Nd6 13. Nb3 Nd3 14. Qd2 Nc4 15. Qc2 Qg6 16. g3 Nf4 17. Qd1 Nxe2+ 18. Qxe2 Bd3 19. Qd1 Bxf1 20. Qxf1 Qg4 21. Ne5 Nxe5 22. dxe5 g5 0-1

[Event "RSA-ch U16 Girls"]
[Site "Gauteng"]
[Date "2017.04.06"]
[Round "2"]
[White "Montgomery, Elizabeth"]
[Black "Naidoo, Rayna"]
[Result "0-1"]
[WhiteElo "1077"]
[BlackElo "1290"]
[PlyCount "70"]
[EventDate "2017.04.05"]
[EventType "swiss"]
[EventRounds "11"]
[EventCountry "RSA"]
[SourceTitle "CBM 177 Extra"]
[Source "ChessBase"]
[SourceDate "2017.04.27"]
[SourceVersion "1"]
[SourceVersionDate "2017.04.27"]
[SourceQuality "1"]

1. e4 c5 2. Nc3 Nc6 3. f4 e6 4. Bc4 Nge7 5. d3 d5 6. Bb3 b6 7. a3 Bb7 8. Nf3 Nd4 9. Nxd4 cxd4 10. Ba4+ Nc6 11. Ne2 a6 12. Nxd4 b5 13. Nxc6 Bxc6 14. Bb3 dxe4 15. 0-0 Bc5+ 16. Kh1 exd3 17. Qxd3 Qxd3 18. cxd3 0-0-0 19. Bc2 Rhe8 20. Re1 Bd4 21. Rb1 Rd5 22. Be3 Bxe3 23. Rxe3 Rf5 24. Rf1 g5 25. d4 Rxf4 26. Rxf4 gxf4 27. Rh3 Rg8 28. Rc3 Kb7 29. Bxh7 Bxg2+ 30. Kg1 Rg7 31. Kf2 Bd5 32. Rh3 Rg2+ 33. Ke1 Rxb2 34. Bg8 f3 35. Rxf3 Bxf3 0-1

[Event "RSA-ch U16 Girls"]
[Site "Bloemfontein"]
[Date "2016.03.23"]
[Round "6"]
[White "Singh, Pragna"]
[Black "Naidoo, Rayna"]
[Result "0-1"]
[WhiteElo "887"]
[BlackElo "1417"]
[PlyCount "66"]
[EventDate "2016.03.20"]
[EventType "swiss"]
[EventRounds "11"]
[EventCountry "RSA"]
[SourceTitle "CBM 171 Extra"]
[Source "ChessBase"]
[SourceDate "2016.04.26"]
[SourceVersion "1"]
[SourceVersionDate "2016.04.26"]
[SourceQuality "1"]

1. d4 d5 2. e3 Nf6 3. Bd3 c5 4. c3 Nc6 5. f4 Bg4 6. Nf3 e6 7. 0-0 Bd6 8. Qe1 0-0 9. Ne5 Rc8 10. h3 Bf5 11. Bxf5 exf5 12. Nd2 Ne4 13. Nxe4 fxe4 14. Qg3 Ne7 15. f5 f6 16. Qg4 fxe5 17. f6 Ng6 18. Qe6+ Rf7 19. fxg7 Rcc7 20. Qxd5 Kxg7 21. Bd2 exd4 22. exd4 Bh2+ 23. Kxh2 Qxd5 24. Rxf7+ Rxf7 25. Be3 b6 26. g3 Rf3 27. Bg5 Qxg5 28. Rg1 Qd2+ 29. Rg2 Rf2 30. Rxf2 Qxf2+ 31. Kh1 Qxg3 32. dxc5 Nh4 33. cxb6 Qg2# 0-1

[Event "RSA-ch U16 Girls"]
[Site "Bloemfontein"]
[Date "2016.03.21"]
[Round "2"]
[White "Mohideen, Hasinath"]
[Black "Naidoo, Rayna"]
[Result "0-1"]
[WhiteElo "956"]
[BlackElo "1417"]
[PlyCount "38"]
[EventDate "2016.03.20"]
[EventType "swiss"]
[EventRounds "11"]
[EventCountry "RSA"]
[SourceTitle "CBM 171 Extra"]
[Source "ChessBase"]
[SourceDate "2016.04.26"]
[SourceVersion "1"]
[SourceVersionDate "2016.04.26"]
[SourceQuality "1"]

1. e4 c5 2. g3 e6 3. c4 Nc6 4. Bg2 Nf6 5. Nc3 Be7 6. Nh3 0-0 7. 0-0 d6 8. d3 e5 9. Bg5 h6 10. Bxf6 Bxf6 11. Nd5 Be6 12. Nxf6+ Qxf6 13. f4 exf4 14. Nxf4 Qxb2 15. Nxe6 fxe6 16. Rxf8+ Rxf8 17. Qb1 Rf2 18. Bh3 Qe2 19. Qe1 Rxh2 0-1

[Event "RSA-ch U16 Girls"]
[Site "Bloemfontein"]
[Date "2016.03.21"]
[Round "3"]
[White "Naidoo, Rayna"]
[Black "Oberholzer, Marni"]
[Result "0-1"]
[WhiteElo "1417"]
[BlackElo "1502"]
[PlyCount "112"]
[EventDate "2016.03.20"]
[EventType "swiss"]
[EventRounds "11"]
[EventCountry "RSA"]
[SourceTitle "CBM 171 Extra"]
[Source "ChessBase"]
[SourceDate "2016.04.26"]
[SourceVersion "1"]
[SourceVersionDate "2016.04.26"]
[SourceQuality "1"]

1. d4 d5 2. Nf3 Nf6 3. e3 c5 4. dxc5 Qa5+ 5. Nbd2 Qxc5 6. b3 Bf5 7. c4 e6 8. Bb2 Nbd7 9. Be2 Bd6 10. 0-0 Bc7 11. Nd4 Bg6 12. f4 a6 13. Kh1 Qd6 14. N2f3 Ne4 15. Bd3 Ndc5 16. Bxe4 Bxe4 17. Ne5 Nd7 18. Ndf3 f6 19. Nxd7 Qxd7 20. cxd5 Qxd5 21. Qxd5 Bxd5 22. Rac1 Bd6 23. Nd4 0-0 24. f5 e5 25. Ne6 Bxe6 26. fxe6 Rfe8 27. Rfd1 Rxe6 28. e4 a5 29. a4 Ra6 30. Rd2 Rb6 31. Rd3 Re8 32. Bc3 Rc8 33. Rcd1 Rxb3 34. Rxd6 Rbxc3 35. g3 Rc1 36. Rxc1 Rxc1+ 37. Kg2 Rc4 38. Rb6 Rxa4 39. Rxb7 Rxe4 40. Ra7 a4 41. Kf3 Rb4 42. Ke3 Rb3+ 43. Ke2 a3 44. Kd1 e4 45. Ke1 f5 46. Kd1 g5 47. Kc2 Rb2+ 48. Kc1 Rxh2 49. Rxa3 f4 50. gxf4 gxf4 51. Ra4 Re2 52. Kd1 f3 53. Rd4 Kg7 54. Rd5 Ra2 55. Ke1 e3 56. Rf5 Ra1# 0-1

[Event "RSA-chT U16"]
[Site "Cape Town"]
[Date "2016.01.05"]
[Round "3.9"]
[White "Naidoo, Rayna"]
[Black "Pather, Cayden"]
[Result "1-0"]
[WhiteElo "1198"]
[BlackElo "1352"]
[PlyCount "72"]
[EventDate "2016.01.04"]
[EventType "team-tourn"]
[EventRounds "7"]
[EventCountry "RSA"]
[SourceTitle "CBM 170 Extra"]
[Source "ChessBase"]
[SourceDate "2016.02.25"]
[SourceVersion "1"]
[SourceVersionDate "2016.02.25"]
[SourceQuality "1"]
[WhiteTeam "Johannesburg Metro"]
[BlackTeam "Ethekwini"]
[WhiteTeamCountry "RSA"]
[BlackTeamCountry "RSA"]

1. d4 d5 2. Nf3 Nf6 3. Bf4 e6 4. Nc3 c6 5. h3 Nbd7 6. e3 Be7 7. Bd3 b6 8. Ne5 Nxe5 9. Bxe5 a5 10. Bxf6 Bxf6 11. Ne2 b5 12. c3 Be7 13. f4 Ba6 14. a3 c5 15. Qd2 c4 16. Bc2 Qb6 17. 0-0 a4 18. e4 Bb7 19. e5 g6 20. Kh1 h5 21. Rf3 0-0-0 22. g3 Rdg8 23. h4 Qd8 24. Ng1 f6 25. exf6 Bxf6 26. Re1 Kc7 27. Rxe6 Bc8 28. Re1 Qd7 29. Rfe3 Qd8 30. Nf3 Qd7 31. Qg2 Qh3+ 32. Qxh3 Bxh3 33. Kh2 Bg4 34. Ne5 Bxe5 35. Rxe5 Kd6 36. Rg5 Re8 1-0

[Event "Johannesburg Africa op (Women)"]
[Site "Johannesburg"]
[Date "2015.08.10"]
[Round "6"]
[White "Naidoo, Rayna"]
[Black "Gardiner, Noa Saxon"]
[Result "1-0"]
[WhiteElo "1201"]
[BlackElo "1274"]
[PlyCount "57"]
[EventDate "2015.08.07"]
[EventType "swiss"]
[EventRounds "7"]
[EventCountry "RSA"]
[SourceTitle "EXT 2016"]
[Source "ChessBase"]
[SourceDate "2015.10.08"]
[SourceVersion "1"]
[SourceVersionDate "2015.10.08"]
[SourceQuality "1"]

1. d4 d5 2. e3 Nf6 3. Bd3 e6 4. f4 Be7 5. Nf3 0-0 6. 0-0 Nbd7 7. Nbd2 Ng4 8. Qe2 f5 9. Ne5 Ngf6 10. Ndf3 Ne4 11. Nxd7 Bxd7 12. Ne5 a6 13. Bd2 c5 14. c4 Nxd2 15. Qxd2 cxd4 16. exd4 dxc4 17. Bxc4 Rc8 18. Qe2 Qb6 19. Nxd7 Qxd4+ 20. Kh1 Qxd7 21. Bxe6+ Qxe6 22. Qxe6+ Kh8 23. Qxe7 b5 24. Rfe1 a5 25. Rac1 Rb8 26. Rc7 Rg8 27. Re6 h6 28. Rxh6+ gxh6 29. Qh7# 1-0

[Event "Johannesburg Africa op (Women)"]
[Site "Johannesburg"]
[Date "2015.08.09"]
[Round "4"]
[White "Naidoo, Rayna"]
[Black "Van der Walt, Marelize"]
[Result "1/2-1/2"]
[WhiteElo "1201"]
[BlackElo "1088"]
[PlyCount "73"]
[EventDate "2015.08.07"]
[EventType "swiss"]
[EventRounds "7"]
[EventCountry "RSA"]
[SourceTitle "EXT 2016"]
[Source "ChessBase"]
[SourceDate "2015.10.08"]
[SourceVersion "1"]
[SourceVersionDate "2015.10.08"]
[SourceQuality "1"]

1. d4 d5 2. e3 e6 3. Bd3 Nf6 4. f4 c5 5. c3 Qa5 6. Nf3 c4 7. Bc2 Bd6 8. 0-0 0-0 9. Nbd2 Nc6 10. Ne5 Ne7 11. Ndf3 Ne4 12. Bd2 f6 13. Ng4 Ng6 14. Qb1 Bd7 15. Bxe4 dxe4 16. Qxe4 f5 17. Qxb7 Bb5 18. b4 Qa4 19. Ng5 Bc6 20. Nh6+ Kh8 21. Ngf7+ Rxf7 22. Qxf7 gxh6 23. Qf6+ Kg8 24. Qxe6+ Kh8 25. Qxd6 Rg8 26. Rfb1 Qb5 27. a4 Qb7 28. b5 Bxg2 29. Qf6+ Rg7 30. Be1 Bh3 31. Ra2 Nh4+ 32. Bg3 Nf3+ 33. Kf2 Nxh2 34. Qf8+ Rg8 35. Qf6+ Rg7 36. Qf8+ Rg8 37. Qf6+ 1/2-1/2

[Event "RSA-ch U14 Girls"]
[Site "Waterkloof"]
[Date "2015.04.08"]
[Round "8"]
[White "Saayman, Anais"]
[Black "Naidoo, Rayna"]
[Result "0-1"]
[WhiteElo "1082"]
[BlackElo "1168"]
[PlyCount "92"]
[EventDate "2015.04.04"]
[EventType "swiss"]
[EventRounds "9"]
[EventCountry "RSA"]
[SourceTitle "CBM 166 Extra"]
[Source "ChessBase"]
[SourceDate "2015.06.18"]
[SourceVersion "1"]
[SourceVersionDate "2015.06.18"]
[SourceQuality "1"]

1. e4 c6 2. d4 d5 3. e5 Bf5 4. Nf3 e6 5. Be2 Nd7 6. Be3 Rc8 7. Nc3 c5 8. 0-0 cxd4 9. Bxd4 a6 10. a3 Ne7 11. h3 Ng6 12. Qd2 Be7 13. Rae1 0-0 14. Bd1 Bc5 15. Bxc5 Rxc5 16. Qe3 Qb8 17. Na4 Rc4 18. Nb6 Nxb6 19. Qxb6 Re4 20. Qd6 Qxd6 21. exd6 Rd8 22. Ng5 Rxe1 23. Rxe1 Rxd6 24. Re3 Rc6 25. Re2 h6 26. Nf3 Rc4 27. c3 Be4 28. Rd2 Nf4 29. Rd4 Rxd4 30. cxd4 Nd3 31. b3 f6 32. b4 b5 33. Bc2 Nxb4 34. Bxe4 dxe4 35. axb4 exf3 36. gxf3 Kf7 37. Kf1 Ke7 38. Ke2 Kd6 39. Kd3 Kd5 40. f4 g5 41. fxg5 hxg5 42. f3 e5 43. dxe5 Kxe5 44. Ke3 Kf5 45. Kd4 Kf4 46. Kc5 Kxf3 0-1

[Event "RSA-ch U14 Girls"]
[Site "Waterkloof"]
[Date "2015.04.07"]
[Round "5"]
[White "Naidoo, Rayna"]
[Black "Emanuel, Prithee"]
[Result "1-0"]
[WhiteElo "1168"]
[BlackElo "1090"]
[PlyCount "85"]
[EventDate "2015.04.04"]
[EventType "swiss"]
[EventRounds "9"]
[EventCountry "RSA"]
[SourceTitle "CBM 166 Extra"]
[Source "ChessBase"]
[SourceDate "2015.06.18"]
[SourceVersion "1"]
[SourceVersionDate "2015.06.18"]
[SourceQuality "1"]

1. d4 e5 2. dxe5 Nc6 3. f4 d6 4. exd6 Bxd6 5. e4 f6 6. Nf3 Qe7 7. Bd3 Bc5 8. Nc3 Bg4 9. Nd5 Qd7 10. Be3 Bxe3 11. Nxe3 0-0-0 12. Nxg4 Qxg4 13. Qd2 Nh6 14. 0-0 Rhe8 15. Qe3 Nf5 16. Qc1 Nh6 17. a4 g6 18. a5 g5 19. fxg5 fxg5 20. Qxg5 Qe6 21. a6 b6 22. Ra4 Rg8 23. Bc4 Qxe4 24. Bxg8 Qxa4 25. Be6+ Kb8 26. Qxh6 Rd6 27. Ng5 Qd4+ 28. Kh1 Qd1 29. Rg1 Qxc2 30. Nf7 Rd1 31. h3 Rxg1+ 32. Kxg1 Qc5+ 33. Kh1 Qe7 34. Bd5 Qe1+ 35. Kh2 Qe7 36. Qxc6 Kc8 37. Qe6+ Qxe6 38. Bxe6+ Kb8 39. g4 c5 40. Bc4 Kc7 41. Ng5 Kd7 42. Kg3 Ke7 43. Nxh7 1-0

[Event "RSA-ch U14 Girls"]
[Site "Waterkloof"]
[Date "2015.04.06"]
[Round "3"]
[White "Naidoo, Rayna"]
[Black "Marais, Nina"]
[Result "0-1"]
[WhiteElo "1168"]
[BlackElo "1376"]
[PlyCount "98"]
[EventDate "2015.04.04"]
[EventType "swiss"]
[EventRounds "9"]
[EventCountry "RSA"]
[SourceTitle "CBM 166 Extra"]
[Source "ChessBase"]
[SourceDate "2015.06.18"]
[SourceVersion "1"]
[SourceVersionDate "2015.06.18"]
[SourceQuality "1"]

1. d4 Nf6 2. e3 d5 3. Bd3 c5 4. c3 Nc6 5. f4 cxd4 6. cxd4 Bg4 7. Nf3 e6 8. 0-0 Rc8 9. a3 Bd6 10. Nbd2 0-0 11. Qe1 Ne7 12. Ne5 Bf5 13. Bxf5 Nxf5 14. Ndf3 Ne4 15. Bd2 Rc2 16. Bc3 Nxc3 17. bxc3 Qc7 18. Rc1 Rxc1 19. Qxc1 Rc8 20. Qb2 Nxe3 21. Re1 Bxe5 22. fxe5 Nc4 23. Qc1 Qe7 24. a4 Qa3 25. Qxa3 Nxa3 26. Rc1 g6 27. Kf2 Rc4 28. a5 Ra4 29. Ra1 Rxa5 30. Ne1 Nc4 31. Rxa5 Nxa5 32. Nc2 Nc4 33. Ke2 Kg7 34. g4 a5 35. h4 a4 36. g5 h6 37. Kd3 hxg5 38. hxg5 Kf8 39. Nb4 Ke7 40. Ke2 Kd7 41. Nd3 a3 42. Nb4 Kc7 43. Nc2 Kb6 44. Kd1 Kb5 45. Kc1 Ka4 46. Kb1 Kb3 47. Ne1 Ne3 48. Nd3 a2+ 49. Ka1 Nc2# 0-1

[Event "RSA-ch U14 Girls"]
[Site "Waterkloof"]
[Date "2015.04.04"]
[Round "1"]
[White "Naidoo, Rayna"]
[Black "Mohideen, Hasinath"]
[Result "1-0"]
[WhiteElo "1168"]
[BlackElo "986"]
[PlyCount "30"]
[EventDate "2015.04.04"]
[EventType "swiss"]
[EventRounds "9"]
[EventCountry "RSA"]
[SourceTitle "CBM 166 Extra"]
[Source "ChessBase"]
[SourceDate "2015.06.18"]
[SourceVersion "1"]
[SourceVersionDate "2015.06.18"]
[SourceQuality "1"]

1. d4 e6 2. e3 Nf6 3. Bd3 Nc6 4. f4 d5 5. Nf3 Ng4 6. Ne5 Ngxe5 7. fxe5 Qg5 8. 0-0 Qe7 9. c3 g6 10. e4 Bg7 11. exd5 exd5 12. Bf4 0-0 13. Nd2 f6 14. exf6 Bxf6 15. Qb3 Be6 1-0

[Event "RSA-ch U14 Girls"]
[Site "Waterkloof"]
[Date "2015.04.04"]
[Round "2"]
[White "Van der Walt, Bernize"]
[Black "Naidoo, Rayna"]
[Result "0-1"]
[WhiteElo "1352"]
[BlackElo "1168"]
[PlyCount "112"]
[EventDate "2015.04.04"]
[EventType "swiss"]
[EventRounds "9"]
[EventCountry "RSA"]
[SourceTitle "CBM 166 Extra"]
[Source "ChessBase"]
[SourceDate "2015.06.18"]
[SourceVersion "1"]
[SourceVersionDate "2015.06.18"]
[SourceQuality "1"]

1. e4 c6 2. Nc3 d5 3. d4 dxe4 4. Nxe4 Bf5 5. Ng3 Bg6 6. Nf3 Nd7 7. h4 h6 8. Be2 Ngf6 9. Bf4 e6 10. h5 Bh7 11. 0-0 Be7 12. c4 0-0 13. Re1 Qb6 14. b3 Ba3 15. Bd3 Bb2 16. Rb1 Bc3 17. Re2 Qb4 18. Rc2 Qa5 19. a3 Rfe8 20. Bxh7+ Nxh7 21. Qc1 e5 22. b4 Qc7 23. Nxe5 Bxd4 24. Nxf7 Be5 25. Nxe5 Nxe5 26. Re2 Re6 27. Qc3 Rae8 28. Rbe1 Qf7 29. Rxe5 Qf6 30. Qa1 Nf8 31. Rxe6 Rxe6 32. Qxf6 Rxe1+ 33. Kh2 gxf6 34. Bxh6 Ra1 35. Bxf8 Kxf8 36. h6 Kg8 37. Nf5 Rxa3 38. f3 Ra4 39. Kg3 Rxb4 40. Kg4 Rxc4+ 41. Kh5 Kh7 42. g4 Rf4 43. Nh4 a5 44. Ng6 Rxf3 45. Nf8+ Kh8 46. Kg6 Rf4 47. Kh5 Re4 48. Nd7 Re6 49. Nf8 Re5+ 50. Kh4 Rg5 51. Ne6 Rg8 52. Kh5 a4 53. Nf4 Kh7 54. Ne6 a3 55. g5 fxg5 56. Nxg5+ Rxg5+ 0-1